000 00742nam a2200253Ia 4500
003 OSt
005 20220928102639.0
006 a|||||r|||| 00| 0
007 ta
008 220927b |||||||| |||| 00| 0 hin d
020 _cINR 495.00
024 _a142416
037 _b00046, 15/02/2020, Kiran Book Service
_cTextual
040 _aSDCL
_cSDCL
_bhin
041 _2hin
_ahin
082 _aO152:g(Y5927), Q9
100 _aAchutan A.
_9399611
245 0 _aLoknatya aur dalit chetna
260 _aNew Delhi
_bSwaraj Prakashan
_c2019
300 _a172p.
_ccm.
650 _aHindi
_9391598
942 _hO152:g(Y5927), Q9
_cTEXL
_2CC
999 _c715477
_d715477